00726nam a2200193 a 450000100060000000300090000600800410001502000150005604000280007108200150009910000320011424500480014626000480019430000100024250501140025294200120036699900170037895201370039522938CO-ViMGA141112s2004 ck r 000 u spa d a9587031601 aCO-ViMGAbspacCO-ViMGA04a613.7 E5371 aBarone, Luis Roberto93295810aDieta sana y gimnasia en forma y con salud aMéxico : bEditora Cultural Internacional a360p. aAlimentacion y salud, Los nutrientes esenciales, Alimentacion equilibrada, Grupos de alimentos, La celulitis 2ddccBK c31228d31228 00102ddc40708002aMEVIECARbMEVIECARd2015-12-04h02/oct/2013l0o613.7 E537 p22938r2015-12-04 00:00:00tEj. 1w2015-12-04yBK